| 000 | 01511nam a22003857 4500 | ||
|---|---|---|---|
| 003 | CHAP | ||
| 005 | 20240528113532.0 | ||
| 008 | 120301s2007 it a r 00010 eng d | ||
| 010 | _a102877 | ||
| 011 | _a103849 | ||
| 035 | _a114538 | ||
| 040 | _cCHAP | ||
| 090 | _aFolleto 16099 | ||
| 110 | 2 | _aFAO | |
| 245 | 1 | 3 |
_aFAO and the global environment _c/por FAO |
| 260 |
_aRoma : _bFAO, _c2007 |
||
| 300 |
_av. : _c+ CD (4 3/4 plag.) |
||
| 505 | 0 | _av.1 FAO and the global environment. -- v.2 FAO-GEF Strategic and programmatic match. -- v.3 Adapting agriculture to climate change. -- v.4 Biodiversity. -- v.5 Bioenergy. -- v.6 Biosafety. -- v.7 International waters. -- v.8 Payments for environmental services. -- v.9 Persistent organic pollutants. -- v.10 Sustainable fisheries management. -- v.11 Sustainable forest management. -- v.12 Sustainable land management | |
| 590 |
_aBATCH-UPD _b10 _c20130110 |
||
| 590 |
_aBATCH-UPD _b10 _c20130410 |
||
| 590 |
_aBATCH-UPD _b10 _c20130913 |
||
| 590 |
_aCONVERSION _b10 _c20130109 |
||
| 650 | 4 |
_aAcuicultura. _9758 |
|
| 650 | 4 | _aAgricultura sustentable. | |
| 650 | 4 |
_aAgua. _92222 |
|
| 650 | 4 |
_aAlimentos _xAbastecimiento. |
|
| 650 | 4 |
_aBiotecnología. _912878 |
|
| 650 | 4 |
_aCultivos y clima. _930392 |
|
| 650 | 4 |
_aMedio ambiente. _974065 |
|
| 650 | 4 |
_aSistema de información. _9106707 |
|
| 650 | 4 |
_aTierras _xUtilización. _9113219 |
|
| 901 | _aBK | ||
| 942 |
_cFOLL _2ddc |
||
| 949 |
_aFolleto 16099 _bBC _cFAO _d33724002098660 _eFAO1 _gDonacion _i114538 _sb |
||
| 999 |
_c102877 _d102877 |
||